| 000 | 00322nam a22001217a 4500 | ||
|---|---|---|---|
| 082 |
_a894.812 _bDEP/H |
||
| 100 | _aDEPT OF EDUCATION, GOVT OF KERALA | ||
| 245 | _aHISTORY - GREEK CIVILIZATION | ||
| 260 |
_aTRIVANDRUM _bSIET KERALA |
||
| 300 | _bENGLISH-MALAYALAM VCD | ||
| 650 |
_aENGLISH-MALAYALAM VCD _zKERALA |
||
| 942 | _cBK | ||
| 999 |
_c7966 _d7966 |
||